ბათუმის შოთა რუსთაველის სახელმწიფო უნივერსიტეტის ბიბლიოთეკა

Международное публичное право в вопросах и ответах. : (ბიბ.ჩანაწერი № 36079)

000 -LEADER
fixed length control field 00925nam a2200229Ia 4500
001 - CONTROL NUMBER
control field 1979
003 - CONTROL NUMBER IDENTIFIER
control field GE_BSU
005 - DATE AND TIME OF LATEST TRANSACTION
control field 20190423173404.0
008 - FIXED-LENGTH DATA ELEMENTS--GENERAL INFORMATION
fixed length control field 181216s2007||||ru |||||||||||||| ||rus||
020 ## - INTERNATIONAL STANDARD BOOK NUMBER
International Standard Book Number 5482007790
040 ## - CATALOGING SOURCE
Transcribing agency GE_BSU
041 ## - LANGUAGE CODE
Language code of text/sound track or separate title rus
080 ## - UNIVERSAL DECIMAL CLASSIFICATION NUMBER
Universal Decimal Classification number 341.1(075.8) Б-42
100 ## - MAIN ENTRY--PERSONAL NAME
Personal name Бекяшев, Камиль Абдулович
9 (RLIN) 437
245 ## - TITLE STATEMENT
Title Международное публичное право в вопросах и ответах. :
Remainder of title Учебное пособие. /
Statement of responsibility, etc. Отв. ред. К.А. Бекяшев; Московская гос. юридическая Академия.
264 ## - PRODUCTION, PUBLICATION, DISTRIBUTION, MANUFACTURE, AND COPYRIGHT NOTICE
Place of production, publication, distribution, manufacture Москва :
Name of producer, publisher, distributor, manufacturer Проспект,
Date of production, publication, distribution, manufacture, or copyright notice 2007
300 ## - PHYSICAL DESCRIPTION
Extent 223 с.;
Other physical details 19 см.
653 ## - INDEX TERM--UNCONTROLLED
keyword სამართალი
653 ## - INDEX TERM--UNCONTROLLED
keyword საერთაშორისო სამართალი
700 ## - ADDED ENTRY--PERSONAL NAME
Personal name Моисеев, Евгений Григорьевич
9 (RLIN) 438
942 ## - ADDED ENTRY ELEMENTS (KOHA)
Koha item type წიგნი
Source of classification or shelving scheme
ეგზემპლარები
Withdrawn status Lost status Source of classification or shelving scheme Damaged status Not for loan Permanent Location Current Location Shelving location Date acquired Cost, normal purchase price Full call number Barcode Date last seen Copy number Price effective from Koha item type Public note
          ბათუმის შოთა რუსთაველის სახელმწიფო უნივერსიტეტის მთავარი ბიბლიოთეკა ბათუმის შოთა რუსთაველის სახელმწიფო უნივერსიტეტის მთავარი ბიბლიოთეკა წიგნსაცავი 2018-12-17 12.00 341.1(075.8) Б-42 3848 2018-12-17 3848 2018-12-17 წიგნი 12 ლ.